000 00701nam a2200145Ia 4500
008 100122s9999 xx 000 0 und d
082 _b56257
_a81
100 _aसाळुंखे आ ह
245 _aवैदिक धर्मसूत्रे आणि बहुजनांची गुलामगिरी
260 _bएक्सप्रेस पब्लिशिंग हाऊस
_c1999
300 _a144
630 _aवैदिक धर्मसूत्रे आणि बहुजनांची गुलामगिरी
730 _aवैदिक धर्मसूत्रे आणि बहुजनांची गुलामगिरी
942 _cBOOK
999 _c432719
_d432716